[Event "Outaouais-ch U20"]
[Site "Gatineau"]
[Date "2019.02.23"]
[Round "2"]
[White "Azar, Sebastien"]
[Black "Sun, Roy"]
[Result "1-0"]
[WhiteElo "1804"]
[BlackElo "1398"]
[PlyCount "77"]
[EventDate "2019.01.22"]
[EventType "tourn"]
[EventRounds "5"]
[EventCountry "CAN"]
[SourceTitle "EXT 2022"]
[Source "ChessBase"]
[SourceDate "2021.10.06"]
[SourceVersion "1"]
[SourceVersionDate "2021.10.06"]
[SourceQuality "1"]

1. e4 e6 2. d4 b6 3. Nf3 Bb7 4. Bd3 g6 5. c4 Bh6 6. Bxh6 Nxh6 7. Nc3 0-0 8. d5 c5 9. h3 f5 10. Qc2 Na6 11. a3 Qf6 12. e5 Qg7 13. 0-0-0 Nf7 14. Rde1 Rfe8 15. Qe2 d6 16. exd6 Nxd6 17. dxe6 Bxf3 18. Qxf3 Rac8 19. h4 b5 20. Qd5 Qd4 21. e7+ Kg7 22. Re6 Qf4+ 23. Kb1 Nc7 24. Qxd6 Nxe6 25. Qxe6 Qd4 26. Bc2 Qf6 27. Qxf6+ Kxf6 28. Nd5+ Ke5 29. Re1+ Kd4 30. Nf6 Kxc4 31. Nxe8 Rxe8 32. Re5 a5 33. h5 b4 34. axb4 cxb4 35. b3+ Kd4 36. f4 g5 37. g3 h6 38. Bxf5 Kc3 39. Bd7 1-0

[Event "Outaouais-ch U20"]
[Site "Gatineau"]
[Date "2019.02.19"]
[Round "4"]
[White "Latreille, Etienne"]
[Black "Sun, Roy"]
[Result "1-0"]
[WhiteElo "1631"]
[BlackElo "1398"]
[PlyCount "35"]
[EventDate "2019.01.22"]
[EventType "tourn"]
[EventRounds "5"]
[EventCountry "CAN"]
[SourceTitle "EXT 2022"]
[Source "ChessBase"]
[SourceDate "2021.10.06"]
[SourceVersion "1"]
[SourceVersionDate "2021.10.06"]
[SourceQuality "1"]

1. c4 b6 2. Nf3 e6 3. d4 d5 4. cxd5 exd5 5. Nc3 h6 6. Bf4 c6 7. Rc1 Bd6 8. Nxd5 cxd5 9. Bxd6 Bg4 10. Bxb8 Qxb8 11. Ne5 Nf6 12. Nxg4 Nxg4 13. e3 Nxh2 14. Bb5+ Ke7 15. Bc6 Qd6 16. Bxa8 Rxa8 17. a3 g6 18. g3 1-0

[Event "Gatineau Feuille d'Erable U1600"]
[Site "Gatineau"]
[Date "2018.11.13"]
[Round "4"]
[White "Seguin, Hubert"]
[Black "Sun, Roy"]
[Result "1/2-1/2"]
[WhiteElo "1564"]
[BlackElo "1245"]
[PlyCount "94"]
[EventDate "2018.10.23"]
[EventType "swiss"]
[EventRounds "5"]
[EventCountry "CAN"]
[SourceTitle "EXT 2022"]
[Source "ChessBase"]
[SourceDate "2021.10.06"]
[SourceVersion "1"]
[SourceVersionDate "2021.10.06"]
[SourceQuality "1"]

1. e4 Nc6 2. d4 e6 3. Nf3 d5 4. e5 f6 5. Bf4 Bd7 6. c4 Qe7 7. a3 dxc4 8. Bxc4 0-0-0 9. 0-0 Kb8 10. Nc3 g5 11. exf6 Nxf6 12. Bxg5 h6 13. Bh4 Qg7 14. Re1 Be7 15. Bxe6 Bxe6 16. Rxe6 Nh5 17. Bg3 Nxg3 18. hxg3 Nxd4 19. Nxd4 Rxd4 20. Qe2 Bf6 21. Re8+ Rd8 22. Rxh8 Qxh8 23. Rc1 a6 24. Qf3 Rd2 25. Ne4 Bxb2 26. Nc5 Qc8 27. Rb1 Rc2 28. Nxa6+ Ka8 29. Nb4 Rc1+ 30. Rxc1 Bxc1 31. Nd5 Ka7 32. Qc3 Bg5 33. Qxc7 Qe6 34. Qa5+ Qa6 35. Qxa6+ Kxa6 36. f4 Bd8 37. Kf2 Ka5 38. Ke3 Ka4 39. f5 Kxa3 40. f6 Bxf6 41. Nxf6 Kb4 42. Ne4 b5 43. Kd4 Kb3 44. Kd3 Kb2 45. Nc5 Kc1 46. Ke2 Kc2 47. Nd3 Kc3 1/2-1/2